000 00587nam a22001932 4500
001 0000009619
005 20151217155841.0
008 081113s xx 000 0 eng d
040 _aKABU
_cKABU
100 1 _aNyabongo, Akiki K.
_@0000161354
245 1 0 _aAfrica answers back /
_cby H. H. Prince Akiki K. Nyabongo.
250 _a1st ed.
260 _aLondon :
_bG. Routledge,
_c1936.
300 _ax, 278 p.
651 0 _aAfrica, Central
_xSocial life and customs.
_@0000161355
852 1 _9p500 KES
908 _a081113
950 _@1
999 _c13206
_d13206